[Event "Ottawa op"]
[Site "Ottawa"]
[Date "1972.01.29"]
[Round "1.11"]
[White "Angers, Gilles"]
[Black "Piche, D."]
[Result "1-0"]
[WhiteElo "1809"]
[BlackElo "1529"]
[PlyCount "115"]
[EventDate "1972.01.29"]
[EventType "swiss"]
[EventRounds "5"]
[EventCountry "CAN"]
[SourceTitle "EXT 2022"]
[Source "ChessBase"]
[SourceDate "2021.10.06"]
[SourceVersion "1"]
[SourceVersionDate "2021.10.06"]
[SourceQuality "1"]

1. Nf3 d5 2. g3 Nf6 3. Bg2 Nc6 4. 0-0 e5 5. d3 Bf5 6. Nbd2 Be7 7. c4 d4 8. Qa4 0-0 9. Rb1 a5 10. a3 h6 11. Qc2 Nd7 12. Rd1 Re8 13. Nf1 Bf6 14. Ne1 Ndb8 15. b4 Qc8 16. b5 Na7 17. b6 Nac6 18. bxc7 Qxc7 19. Qb3 Ra7 20. Nd2 Be7 21. Nc2 Bc5 22. Qb5 b6 23. Nb3 Bd7 24. Nxc5 bxc5 25. Qxc5 Na6 26. Qb6 Qxb6 27. Rxb6 Ne7 28. Bd2 Nc8 29. Rb2 Nc5 30. Rdb1 Ba4 31. Ne1 Bd7 32. Nf3 a4 33. Bb4 Nb3 34. Nd2 Na5 35. Bxa5 Rxa5 36. Rb7 Bf5 37. Ne4 Ra6 38. Nc5 Ra5 39. R1b5 Rxb5 40. Rxb5 Nd6 41. Rb6 Rc8 42. Nxa4 Bd7 43. Rxd6 Bxa4 44. Rb6 f5 45. Bd5+ Kh7 46. Kf1 e4 47. dxe4 fxe4 48. Bxe4+ Kg8 49. Bd5+ Kf8 50. Ke1 Re8 51. Kd2 Bd7 52. Rb7 Be6 53. Bxe6 Rxe6 54. Kd3 Ra6 55. Rb3 Re6 56. a4 Ke7 57. Kxd4 Rxe2 58. Re3+ 1-0